[Event "RA Fall op"]
[Site "Ottawa CAN"]
[Date "2023.10.01"]
[Round "4.5"]
[White "Latorre, Vincent"]
[Black "Sowa, Ryan"]
[Result "1-0"]
[WhiteElo "2214"]
[BlackElo "2337"]
[PlyCount "79"]
[EventDate "2023.09.29"]
[EventType "swiss"]
[EventRounds "5"]
[EventCountry "CAN"]

1. e4 g6 2. d4 Bg7 3. Nc3 c6 4. h3 d5 5. e5 Nh6 6. Bf4 f6 7. Qd2 Nf7 8. Nf3 O-O
9. O-O-O b5 10. Kb1 a5 11. Bd3 Na6 12. g4 a4 13. Rhg1 Nc7 14. h4 Ne6 15. Bh2
Qa5 16. h5 g5 17. Qe3 a3 18. b3 Nf4 19. Bf1 fxe5 20. dxe5 h6 21. Ne2 Nxe2 22.
Bxe2 e6 23. Nd4 Bd7 24. f4 c5 25. Nf3 d4 26. Qd3 Bc6 27. f5 c4 28. Qxd4 Rfd8
29. Qe3 exf5 30. gxf5 Re8 31. e6 Be4 32. exf7+ Kxf7 33. Rd7+ Kg8 34. Rxg7+ Kxg7
35. Be5+ Rxe5 36. Nxe5 Re8 37. Qxe4 Qc3 38. f6+ Kf8 39. Nd7+ Kf7 40. Qg6+ 1-0

[Event "RA Fall op"]
[Site "Ottawa CAN"]
[Date "2023.10.01"]
[Round "4.6"]
[White "Kot, Emanuel"]
[Black "Valdizon, Armando"]
[Result "1-0"]
[WhiteElo "2114"]
[BlackElo "2102"]
[PlyCount "50"]
[EventDate "2023.09.29"]
[EventType "swiss"]
[EventRounds "5"]
[EventCountry "CAN"]

1. e4 c5 2. Nf3 d6 3. d4 cxd4 4. Nxd4 Nf6 5. Nc3 a6 6. f3 e5 7. Nb3 Be6 8. Be3
Nbd7 9. Qd2 Rc8 10. g4 Nc5 11. O-O-O Nxb3+ 12. axb3 Qc7 13. Kb1 Nd7 14. h4 Be7
15. g5 b5 16. h5 b4 17. Nd5 Bxd5 18. exd5 a5 19. f4 exf4 20. Bxf4 O-O 21. Rh2
Nc5 22. Bb5 Rb8 23. Bc6 a4 24. h6 g6 25. Qd4 f6 1-0

[Event "RA Fall op"]
[Site "Ottawa CAN"]
[Date "2023.10.01"]
[Round "4.7"]
[White "Azar, Sebastien"]
[Black "Adam, Rafael"]
[Result "1-0"]
[WhiteElo "2208"]
[BlackElo "2214"]
[PlyCount "65"]
[EventDate "2023.09.29"]
[EventType "swiss"]
[EventRounds "5"]
[EventCountry "CAN"]

1. e4 c6 2. d4 d5 3. e5 Bf5 4. Nf3 e6 5. Be2 Nd7 6. O-O h6 7. Nbd2 Ne7 8. Nb3
g5 9. a4 a5 10. Ne1 Bg7 11. Nd3 O-O 12. f4 f6 13. Qe1 fxe5 14. fxg5 hxg5 15.
Bxg5 Qe8 16. h4 Bxd3 17. Bxd3 e4 18. Be2 Rxf1+ 19. Bxf1 Nf5 20. Rd1 e5 21. c3
exd4 22. Nxd4 Qe5 23. Be2 Rf8 24. Bg4 Nxd4 25. cxd4 Qd6 26. Qe2 Nf6 27. Bf5 Nh7
28. Qg4 Nxg5 29. hxg5 Rxf5 30. Qxf5 Qg3 31. g6 Qc7 32. Qe6+ Kh8 33. Qe8+ 1-0

[Event "RA Fall op"]
[Site "Ottawa CAN"]
[Date "2023.10.01"]
[Round "4.9"]
[White "Labib, Daniel"]
[Black "Martinez Mulet, Dario Leonel"]
[Result "0-1"]
[WhiteElo "2113"]
[BlackElo "2168"]
[PlyCount "102"]
[EventDate "2023.09.29"]
[EventType "swiss"]
[EventRounds "5"]
[EventCountry "CAN"]

1. d4 d5 2. c4 c6 3. Nf3 Nf6 4. e3 e6 5. Bd3 Nbd7 6. O-O Bd6 7. b3 O-O 8. Bb2
Ne4 9. Nbd2 f5 10. Ne5 Nxe5 11. dxe5 Bc5 12. Rc1 Qe7 13. Qc2 Bb6 14. Nf3 Bd7
15. cxd5 exd5 16. Nd4 Bc7 17. f3 Bxe5 18. fxe4 fxe4 19. Rxf8+ Rxf8 20. Bf1 Qf6
21. b4 Bxh2+ 22. Kxh2 Qh6+ 23. Kg1 Qxe3+ 24. Kh1 Rf6 25. Nf5 Rxf5 26. Qe2 Qh6+
27. Kg1 Rh5 28. Rc3 Rh1+ 29. Kf2 Qh4+ 30. g3 Qf6+ 31. Kg2 Rxf1 32. Rxc6 Qxc6
33. Qxf1 Bg4 34. Qc1 Qxc1 35. Bxc1 d4 36. Bb2 d3 37. Bc1 b5 38. Kf2 Kf7 39. Ke3
Bf3 40. Kd4 Ke6 41. Kc5 Be2 42. Kd4 Kf5 43. Ke3 g5 44. a3 h5 45. Bd2 h4 46.
gxh4 gxh4 47. Be1 h3 48. Bg3 Bf3 49. Bb8 Ke6 50. Kd2 Kd5 51. Kc3 Be2 0-1

[Event "RA Fall op"]
[Site "Ottawa CAN"]
[Date "2023.10.01"]
[Round "4.10"]
[White "Latreille, Etienne"]
[Black "Wang, Derek"]
[Result "1-0"]
[WhiteElo "2178"]
[BlackElo "2013"]
[PlyCount "105"]
[EventDate "2023.09.29"]
[EventType "swiss"]
[EventRounds "5"]
[EventCountry "CAN"]

1. e4 c5 2. Nf3 e6 3. g3 Nc6 4. Bg2 d5 5. exd5 exd5 6. O-O Nf6 7. d4 Be7 8. Nc3
O-O 9. h3 h6 10. dxc5 Bxc5 11. a3 Be6 12. b4 Bd6 13. Bb2 Rc8 14. Ne2 a6 15. Qd3
Nd7 16. Nf4 Nde5 17. Nxe5 Bxe5 18. Nxe6 fxe6 19. Bxe5 Nxe5 20. Qe2 Qf6 21. Rae1
Nf7 22. Qxe6 Qb2 23. Bxd5 Qxa3 24. Qd7 Qxb4 25. Bxf7+ Kh8 26. Re8 Rcxe8 27.
Bxe8 Qe4 28. Bf7 Qxc2 29. Qxb7 Qf5 30. Bd5 Qxh3 31. Qxa6 Qf5 32. Qe6 Qxe6 33.
Bxe6 Kh7 34. Rd1 Rf6 35. Ba2 g5 36. Rd7+ Kg6 37. Bb1+ Kh5 38. Kg2 Rc6 39. Bd3
Rc5 40. Rg7 g4 41. Bg6+ Kg5 42. Be4+ Kh5 43. Bg6+ Kg5 44. Be8+ Kf5 45. Bd7+ Kf6
46. Rxg4 Rc2 47. Bb5 Rc5 48. Bd3 h5 49. Rf4+ Kg5 50. Rb4 Rc6 51. Rb5+ Kh6 52.
Be2 h4 53. Rh5+ 1-0

[Event "RA Fall op"]
[Site "Ottawa CAN"]
[Date "2023.10.01"]
[Round "5.1"]
[White "Sambuev, Bator"]
[Black "Xu, Daniel"]
[Result "1-0"]
[WhiteElo "2483"]
[BlackElo "2339"]
[PlyCount "79"]
[EventDate "2023.09.29"]
[EventType "swiss"]
[EventRounds "5"]
[EventCountry "CAN"]

1. g3 Nf6 2. Bg2 g6 3. e4 d6 4. d4 Bg7 5. Ne2 O-O 6. O-O c5 7. c3 Nc6 8. h3 Nd7
9. Be3 e5 10. d5 Ne7 11. Nd2 f5 12. f4 Bh6 13. Nc4 Qc7 14. Kh2 Bg7 15. fxe5
Nxe5 16. Nxe5 Bxe5 17. Bf4 Bxf4 18. Nxf4 fxe4 19. g4 Bd7 20. Bxe4 Rf7 21. Kg2
Raf8 22. Qd2 c4 23. Rf3 Qc5 24. Raf1 b5 25. R1f2 Qc8 26. Qe3 a6 27. Ne2 Rxf3
28. Bxf3 Qe8 29. Nd4 Qf7 30. Ne6 Bxe6 31. dxe6 Qf6 32. Bb7 Qxf2+ 33. Qxf2 Rxf2+
34. Kxf2 a5 35. Ba6 b4 36. cxb4 axb4 37. Bxc4 g5 38. a4 bxa3 39. bxa3 Kg7 40.
a4 1-0

[Event "RA Fall op"]
[Site "Ottawa CAN"]
[Date "2023.10.01"]
[Round "5.3"]
[White "Liu, Zachary"]
[Black "Azar, Sebastien"]
[Result "1-0"]
[WhiteElo "2213"]
[BlackElo "2208"]
[PlyCount "95"]
[EventDate "2023.09.29"]
[EventType "swiss"]
[EventRounds "5"]
[EventCountry "CAN"]

1. e4 c5 2. Nf3 d6 3. d4 cxd4 4. Nxd4 Nf6 5. Nc3 Nc6 6. Bg5 e6 7. Qd2 Be7 8.
O-O-O a6 9. f4 Bd7 10. Qe1 Qc7 11. Nf3 h6 12. Bh4 O-O 13. e5 dxe5 14. fxe5 Nh7
15. Bxe7 Nxe7 16. Qh4 Ng6 17. Qg3 Bc6 18. Re1 Rfc8 19. Bd3 Ne7 20. Nd4 Nd5 21.
Ne4 Nb4 22. Nd6 Nxd3+ 23. Qxd3 Rd8 24. Rhf1 Bb5 25. N4xb5 axb5 26. Qb3 Rd7 27.
Re2 Qa5 28. Kb1 b4 29. Rfe1 Nf8 30. h4 Ng6 31. h5 Nf4 32. Rf2 Nd5 33. Ref1 Rc7
34. Rxf7 Rc3 35. bxc3 Nxc3+ 36. Kc1 Qxe5 37. Nc4 Qg5+ 38. Kb2 Na4+ 39. Ka1 b5
40. Qf3 Qd5 41. Qxd5 exd5 42. Ne5 Nc3 43. Kb2 Ne4 44. Nd7 Ra3 45. Rf8+ Kh7 46.
Re8 Ng3 47. Nf8+ Kg8 48. Ng6+ 1-0

[Event "RA Fall op"]
[Site "Ottawa CAN"]
[Date "2023.10.01"]
[Round "5.4"]
[White "Yang, Ryan"]
[Black "Latorre, Vincent"]
[Result "0-1"]
[WhiteElo "2217"]
[BlackElo "2214"]
[PlyCount "74"]
[EventDate "2023.09.29"]
[EventType "swiss"]
[EventRounds "5"]
[EventCountry "CAN"]

1. e4 g6 2. d4 Bg7 3. f4 d5 4. e5 h5 5. Nf3 Bg4 6. h3 Bxf3 7. Qxf3 h4 8. c4 e6
9. cxd5 Qxd5 10. Qf2 Ne7 11. Nc3 Qd8 12. Be3 Nd7 13. Qf3 Nb6 14. Rd1 Nbd5 15.
Bc4 Nxe3 16. Qxe3 Nf5 17. Qd3 c6 18. O-O O-O 19. Ne2 b5 20. Bb3 Qb6 21. Rc1
Rfd8 22. Rfd1 Bf8 23. Qe4 c5 24. dxc5 Rxd1+ 25. Rxd1 Bxc5+ 26. Kh2 Rd8 27. Rd3
Rxd3 28. Qxd3 Bf2 29. Kh1 Ng3+ 30. Nxg3 Bxg3 31. Bc2 Bxf4 32. Qe2 Qd4 33. Bd3
Bxe5 34. Bxb5 Qf4 35. Kg1 Qc1+ 36. Kf2 Bg3+ 37. Kf3 Qf4# 0-1

[Event "RA Fall op"]
[Site "Ottawa CAN"]
[Date "2023.10.01"]
[Round "5.6"]
[White "Latreille, Etienne"]
[Black "Saha, Ananda"]
[Result "0-1"]
[WhiteElo "2178"]
[BlackElo "2216"]
[PlyCount "110"]
[EventDate "2023.09.29"]
[EventType "swiss"]
[EventRounds "5"]
[EventCountry "CAN"]

1. e4 e6 2. d4 d5 3. Nd2 Nf6 4. e5 Nfd7 5. Bd3 c5 6. c3 Nc6 7. Ne2 a5 8. O-O
Nb6 9. f4 cxd4 10. cxd4 g6 11. Kh1 Bd7 12. Nf3 a4 13. g4 a3 14. b3 Nb4 15. Bb1
h6 16. f5 g5 17. Ng3 Qc7 18. Bd2 O-O-O 19. Qe1 Nc6 20. Bd3 exf5 21. Bxf5 Kb8
22. Rc1 Nc8 23. Bxd7 Qxd7 24. Nf5 N8e7 25. Nd6 Ng6 26. Nxg5 hxg5 27. Nxf7 Be7
28. Nxd8 Bxd8 29. Qg3 Qh7 30. Rf2 Bb6 31. Bxg5 Bxd4 32. e6+ Be5 33. Qg2 Qc7 34.
Qxd5 Bxh2 35. Rf7 Be5+ 36. Kg2 Rh2+ 37. Kf1 Qb6 38. Qc5 Qxc5 39. Rxc5 Bd6 40.
Rd5 Rxa2 41. Rxd6 Ra1+ 42. Kf2 a2 43. Bf6 Nge5 44. Bxe5 Nxe5 45. e7 Rf1+ 46.
Kg3 Rg1+ 47. Kf4 Rf1+ 48. Ke4 Re1+ 49. Kd5 Nxf7 50. Re6 Rd1+ 51. Kc5 a1=Q 52.
e8=Q+ Nd8 53. Re4 Qc3+ 54. Rc4 Qa5+ 55. Qb5 b6# 0-1

[Event "RA Fall op"]
[Site "Ottawa CAN"]
[Date "2023.10.01"]
[Round "5.7"]
[White "Adam, Rafael"]
[Black "Berube, Maximilien"]
[Result "1-0"]
[WhiteElo "2214"]
[BlackElo "1982"]
[PlyCount "85"]
[EventDate "2023.09.29"]
[EventType "swiss"]
[EventRounds "5"]
[EventCountry "CAN"]

1. e4 c6 2. Nf3 d5 3. d3 dxe4 4. dxe4 Qxd1+ 5. Kxd1 Bg4 6. Be2 g6 7. Nbd2 Bg7
8. a4 a5 9. Ne1 Nf6 10. f3 Bc8 11. Nc4 Nbd7 12. c3 O-O 13. Kc2 Ne8 14. Bg5 Bf6
15. Bf4 Ng7 16. Bc7 Ne6 17. Bxa5 Ne5 18. Bb6 Nf4 19. Bc7 Nxc4 20. Bxc4 Ne6 21.
Bxe6 Bxe6 22. Nd3 Rfc8 23. Bb6 Bc4 24. Nc5 Ba6 25. Rad1 Be5 26. b4 Bd6 27. Nb3
Bc7 28. Bxc7 Rxc7 29. Nc5 b6 30. Rd7 Rca7 31. Rxa7 Rxa7 32. Nb3 Kf8 33. a5 Bc4
34. axb6 Bxb3+ 35. Kxb3 Rb7 36. Kc4 Rxb6 37. Ra1 Ke8 38. Kc5 Rb8 39. Ra7 Rc8
40. c4 h5 41. Kb6 Kd8 42. Rb7 g5 43. Ka7 1-0

[Event "RA Fall op"]
[Site "Ottawa CAN"]
[Date "2023.10.01"]
[Round "5.8"]
[White "Guillemette, Hugo"]
[Black "Sowa, Ryan"]
[Result "0-1"]
[WhiteElo "2103"]
[BlackElo "2337"]
[PlyCount "144"]
[EventDate "2023.09.29"]
[EventType "swiss"]
[EventRounds "5"]
[EventCountry "CAN"]

1. e4 e6 2. d4 d5 3. e5 c5 4. c3 Nc6 5. Nf3 Bd7 6. Be2 Nge7 7. Na3 cxd4 8. cxd4
Nf5 9. Nc2 f6 10. O-O fxe5 11. Nxe5 Nxe5 12. dxe5 Bc5 13. Bd3 O-O 14. Qg4 Qb6
15. b4 Be7 16. Bg5 Bxg5 17. Qxg5 Bb5 18. Bxb5 Qxb5 19. Rad1 Rac8 20. Rd2 Qa4
21. Nd4 Nxd4 22. Rxd4 Qxa2 23. Rg4 Rf7 24. h4 Qc2 25. Qe3 a6 26. f3 Rf5 27. Qh6
Rf7 28. Qxe6 Qc6 29. Qxc6 bxc6 30. Ra1 Re7 31. f4 d4 32. Rg3 Rf8 33. Rf3 Rd7
34. Raa3 d3 35. Raxd3 Rxd3 36. Rxd3 Rxf4 37. Rc3 Rxb4 38. Rxc6 Rxh4 39. Rxa6
Re4 40. Ra5 Kf7 41. Ra7+ Kg6 42. Re7 Re2 43. Kh2 h5 44. Kg3 Re4 45. Kf3 Ra4 46.
g3 Kh6 47. Re8 g6 48. Rf8 Ra3+ 49. Kf2 Ra5 50. Re8 Kg5 51. Kf3 Ra3+ 52. Kf2 Kg4
53. Rg8 g5 54. e6 Rf3+ 55. Ke2 Rf6 56. e7 Re6+ 57. Kf2 Rxe7 58. Ra8 Kh3 59. Ra5
Rg7 60. Rf5 Kh2 61. Kf3 g4+ 62. Kf4 Rh7 63. Rf8 Ra7 64. Rf5 Ra4+ 65. Ke3 Kxg3
66. Rxh5 Ra8 67. Re5 Rf8 68. Ke2 Kg2 69. Re7 g3 70. Re6 Kh2 71. Rh6+ Kg1 72.
Rg6 g2 0-1

[Event "RA Fall op"]
[Site "Ottawa CAN"]
[Date "2023.10.01"]
[Round "5.10"]
[White "Lin, Leo"]
[Black "Rousskikh, Maxim"]
[Result "1-0"]
[WhiteElo "2211"]
[BlackElo "1961"]
[PlyCount "53"]
[EventDate "2023.09.29"]
[EventType "swiss"]
[EventRounds "5"]
[EventCountry "CAN"]

1. e4 c6 2. Nf3 d5 3. exd5 cxd5 4. d4 Nc6 5. Ne5 Nf6 6. Bb5 Bd7 7. Nxd7 Qxd7 8.
c3 e6 9. O-O Bd6 10. Nd2 O-O 11. Re1 Rfe8 12. Nf3 a6 13. Bd3 e5 14. dxe5 Nxe5
15. Nxe5 Bxe5 16. Bg5 Qd6 17. g3 h6 18. Be3 Qc7 19. Qf3 Rad8 20. Rad1 Qc6 21.
Qf5 d4 22. Bxh6 g6 23. Qg5 Nh7 24. Qh4 dxc3 25. Rxe5 Rxe5 26. Qxd8+ Re8 27. Qd4
1-0

[Event "RA Fall op U1600"]
[Site "Ottawa CAN"]
[Date "2023.09.30"]
[Round "2.32"]
[White "Sztuka, Jeremy"]
[Black "Garber, Greg"]
[Result "0-1"]
[WhiteElo "1507"]
[BlackElo "1258"]
[PlyCount "52"]
[EventDate "2023.09.29"]
[EventType "swiss"]
[EventRounds "5"]
[EventCountry "CAN"]

1. b3 d5 2. Bb2 c5 3. e3 Nc6 4. Nf3 Bg4 5. Be2 Nf6 6. Ne5 Bxe2 7. Qxe2 e6 8.
Nxc6 bxc6 9. Qa6 Qc7 10. Bxf6 gxf6 11. Nc3 Rb8 12. Qe2 Bd6 13. f4 e5 14. O-O
exf4 15. exf4+ Qe7 16. Qa6 Qb7 17. Rae1+ Kd7 18. Qe2 Rbe8 19. Qg4+ Kd8 20.
Rxe8+ Rxe8 21. Qg7 Qe7 22. Qxh7 c4 23. Kh1 Qe1 24. Rg1 Bc5 25. Ne2 Rxe2 26.
Qh8+ Ke7 0-1

[Event "RA March op"]
[Site "Ottawa CAN"]
[Date "2023.03.03"]
[Round "1.2"]
[White "Sambuev, Bator"]
[Black "Zhu, Matthew"]
[Result "1-0"]
[WhiteElo "2487"]
[BlackElo "2029"]
[PlyCount "69"]
[EventDate "2023.03.03"]
[EventType "swiss"]
[EventRounds "5"]
[EventCountry "CAN"]

1. d4 Nf6 2. c4 g6 3. Nc3 d5 4. cxd5 Nxd5 5. e4 Nxc3 6. bxc3 Bg7 7. Bc4 c5 8.
Ne2 Nc6 9. Be3 O-O 10. h4 Na5 11. Bd3 cxd4 12. cxd4 Be6 13. d5 Bxa1 14. Qxa1 f6
15. h5 g5 16. h6 Nc6 17. Bb1 Bxd5 18. exd5 Qxd5 19. O-O Ne5 20. Nc3 Qc4 21. Ne4
Kh8 22. Nxg5 Rg8 23. Rc1 Qg4 24. Qxe5 Rxg5 25. Qe4 Qxe4 26. Bxe4 Ra5 27. Rc7
Re8 28. Rxb7 Rxa2 29. Bc6 Rd8 30. Rxe7 Ra1+ 31. Kh2 Ra5 32. g4 Re5 33. Rxa7 Kg8
34. Rg7+ Kh8 35. Rf7 1-0

[Event "RA March op"]
[Site "Ottawa CAN"]
[Date "2023.03.03"]
[Round "1.3"]
[White "Chacon, Jose"]
[Black "Plotkin, Victor"]
[Result "0-1"]
[WhiteElo "1305"]
[BlackElo "2267"]
[PlyCount "114"]
[EventDate "2023.03.03"]
[EventType "swiss"]
[EventRounds "5"]
[EventCountry "CAN"]

1. d4 Nf6 2. Bf4 d6 3. Nf3 Nbd7 4. h3 g6 5. e3 Bg7 6. Be2 O-O 7. O-O c6 8. c3
Re8 9. Bh2 b6 10. Nbd2 Bb7 11. a4 a5 12. Qb3 d5 13. Rac1 e6 14. Rc2 c5 15. c4
Qe7 16. Rfc1 Ne4 17. Qa3 Rac8 18. cxd5 exd5 19. Bb5 Nxd2 20. Nxd2 Bc6 21. Nf3
Bxb5 22. axb5 Qe6 23. Bg3 Bf8 24. Qa4 Nf6 25. dxc5 Rxc5 26. Rxc5 Bxc5 27. Qh4
Ne4 28. Ng5 Nxg5 29. Qxg5 f6 30. Qf4 Qe5 31. Qf3 Qe6 32. Rd1 Rd8 33. Bh4 Kf7
34. Qf4 Rd7 35. Qb8 g5 36. Bg3 Qe8 37. Qxe8+ Kxe8 38. Kf1 Ke7 39. Ke2 Ke6 40.
Kd3 f5 41. Re1 a4 42. f3 Ra7 43. h4 h6 44. hxg5 hxg5 45. Ra1 Ra5 46. e4 fxe4+
47. fxe4 Rxb5 48. exd5+ Kxd5 49. Ke2 Rb4 50. Rd1+ Bd4 51. Rb1 Rb3 52. Bb8 b5
53. Bh2 Ke4 54. Bd6 Re3+ 55. Kd2 Rd3+ 56. Kc2 Bxb2 57. Rxb2 Rxd6 0-1

[Event "RA March op"]
[Site "Ottawa CAN"]
[Date "2023.03.03"]
[Round "1.4"]
[White "Xu, Daniel"]
[Black "Hansen, Troy"]
[Result "1-0"]
[WhiteElo "2339"]
[BlackElo "2010"]
[PlyCount "101"]
[EventDate "2023.03.03"]
[EventType "swiss"]
[EventRounds "5"]
[EventCountry "CAN"]

1. e4 e6 2. d4 d5 3. Nd2 c5 4. Ngf3 Nc6 5. exd5 Qxd5 6. Bc4 Qd8 7. Nb3 cxd4 8.
O-O Nf6 9. Nbxd4 Nxd4 10. Nxd4 a6 11. c3 Qc7 12. Bb3 Bd6 13. h3 e5 14. Qe2 O-O
15. Nf3 h6 16. Be3 Bf5 17. Rfd1 Rad8 18. a4 a5 19. Nh4 Bc8 20. Qb5 Bd7 21. Qb6
Be6 22. Bxe6 fxe6 23. c4 Rf7 24. Qb5 Rc8 25. Bb6 Qxc4 26. Rxd6 Qxh4 27. Rxe6
Nd7 28. Be3 b6 29. Rd6 Rc7 30. Rad1 Qe7 31. Qd5 Kh7 32. Re6 Qf8 33. Qe4+ Kg8
34. Qg4 Kh8 35. Qh4 Rf6 36. Qg4 Qf7 37. Rxf6 Nxf6 38. Rd8+ Ne8 39. Bxb6 Rb7 40.
Qc8 Rxb6 41. Rxe8+ Kh7 42. Rh8+ Kg6 43. Qg4+ Kf6 44. Qe4 Rxb2 45. Qc6+ Ke7 46.
Qc5+ Ke6 47. Qc8+ Kd5 48. Rd8+ Ke4 49. f3+ Kf4 50. Qg4+ Ke3 51. Qe4# 1-0

[Event "RA March op"]
[Site "Ottawa CAN"]
[Date "2023.03.03"]
[Round "1.5"]
[White "Donev, Danail"]
[Black "Tanaka, Tyler"]
[Result "0-1"]
[WhiteElo "1945"]
[BlackElo "2357"]
[PlyCount "68"]
[EventDate "2023.03.03"]
[EventType "swiss"]
[EventRounds "5"]
[EventCountry "CAN"]

1. e4 c5 2. Nf3 d6 3. d4 cxd4 4. Nxd4 Nf6 5. Nc3 g6 6. Be3 Bg7 7. f3 Nbd7 8.
Qd2 a6 9. Bh6 Bxh6 10. Qxh6 b5 11. O-O-O Bb7 12. h4 Qa5 13. Nb3 Qc7 14. Bd3 b4
15. Ne2 Ne5 16. Qe3 Rc8 17. Kb1 d5 18. Rc1 dxe4 19. Bxe4 Nc4 20. Qd4 e5 21. Qa7
Bxe4 22. Qxc7 Rxc7 23. fxe4 Nxe4 24. Rhe1 O-O 25. Ng1 f5 26. Nf3 Rd8 27. Red1
Rcd7 28. Rxd7 Rxd7 29. Re1 a5 30. Nc1 Ned2+ 31. Ka1 e4 32. Ng5 h6 33. Ne6 Kf7
34. Nf4 g5 0-1

[Event "RA March op"]
[Site "Ottawa CAN"]
[Date "2023.03.03"]
[Round "1.6"]
[White "Sowa, Ryan"]
[Black "Moses, Neil"]
[Result "1-0"]
[WhiteElo "2337"]
[BlackElo "1912"]
[PlyCount "79"]
[EventDate "2023.03.03"]
[EventType "swiss"]
[EventRounds "5"]
[EventCountry "CAN"]

1. Nf3 Nf6 2. c4 e6 3. g3 d5 4. d4 c6 5. Bg2 Nbd7 6. O-O Bd6 7. Nc3 O-O 8. Nd2
Bc7 9. e4 dxe4 10. Ndxe4 e5 11. d5 cxd5 12. cxd5 Nxe4 13. Nxe4 Nb6 14. d6 Bb8
15. Bg5 f6 16. Qb3+ Kh8 17. Bd2 Qe8 18. Bb4 Be6 19. Qc2 Qg6 20. Rac1 Bd5 21.
Rfd1 Rd8 22. Bc5 Bc6 23. Nc3 Bxg2 24. Kxg2 Qf7 25. Qe4 Qd7 26. Rd3 Re8 27. Bxb6
axb6 28. Nd5 f5 29. Qe2 Qb5 30. d7 Rd8 31. Rc8 Bd6 32. Qc2 Rb8 33. Rxd8+ Rxd8
34. Qc8 Qxd7 35. Qxd7 Rxd7 36. Nxb6 Rd8 37. Nc4 Bc7 38. Rxd8+ Bxd8 39. Nd6 b6
40. Nf7+ 1-0

[Event "RA March op"]
[Site "Ottawa CAN"]
[Date "2023.03.03"]
[Round "1.7"]
[White "Hughes-Dupuy, Henry"]
[Black "Voloaca, Mihnea"]
[Result "0-1"]
[WhiteElo "1978"]
[BlackElo "2196"]
[PlyCount "104"]
[EventDate "2023.03.03"]
[EventType "swiss"]
[EventRounds "5"]
[EventCountry "CAN"]

1. e4 Nc6 2. Nf3 Nf6 3. e5 Ng8 4. Bc4 d5 5. Bb5 a6 6. Ba4 b5 7. Bb3 Bg4 8. d4
Bxf3 9. gxf3 Na5 10. Qe2 e6 11. Bd2 c5 12. c3 Nxb3 13. axb3 Qc7 14. Na3 c4 15.
Nxb5 Qb7 16. Nd6+ Bxd6 17. exd6 Qxb3 18. Bf4 Nf6 19. O-O O-O 20. Kh1 Nh5 21.
Bg5 Qb7 22. f4 f6 23. Qxh5 fxg5 24. Qxg5 Rf5 25. Qh4 Qd7 26. Qe7 Qxe7 27. dxe7
Kf7 28. Rg1 Rxf4 29. e8=Q+ Rxe8 30. Rxa6 g6 31. Ra7+ Re7 32. Rxe7+ Kxe7 33. Kg2
Rg4+ 34. Kf1 Rxg1+ 35. Kxg1 Kf6 36. Kg2 Kf5 37. Kf3 g5 38. h3 h6 39. Kg3 Ke4
40. Kg4 Kd3 41. f4 gxf4 42. Kxf4 Kc2 43. Ke5 Kxb2 44. Kxe6 Kxc3 45. Kxd5 Kd3
46. Ke5 c3 47. d5 c2 48. d6 c1=Q 49. d7 Qc7+ 50. Ke6 Ke4 51. Ke7 Ke5 52. Ke8
Ke6 0-1

[Event "RA March op"]
[Site "Ottawa CAN"]
[Date "2023.03.03"]
[Round "1.9"]
[White "Desjardins, Michel"]
[Black "Gordon, David"]
[Result "0-1"]
[WhiteElo "1907"]
[BlackElo "2237"]
[PlyCount "104"]
[EventDate "2023.03.03"]
[EventType "swiss"]
[EventRounds "5"]
[EventCountry "CAN"]

1. e4 e5 2. Nc3 Nf6 3. Bc4 Nxe4 4. Qh5 Nd6 5. Qxe5+ Qe7 6. Qxe7+ Bxe7 7. Bb3
O-O 8. Nf3 c6 9. O-O Ne8 10. Re1 Bd8 11. d4 d5 12. Bf4 Nd7 13. Ne2 Ndf6 14. Ng3
Bg4 15. Ne5 Be6 16. h3 Nd7 17. Nf3 h6 18. Nf1 Be7 19. c3 Bd6 20. Bxd6 Nxd6 21.
Bc2 Rfe8 22. Ng3 Kf8 23. a4 Re7 24. Kf1 Rae8 25. Nh4 a5 26. b3 Nf6 27. Nf3 Nfe4
28. Nxe4 Nxe4 29. Bxe4 dxe4 30. Nd2 f5 31. Re3 Bd5 32. g3 g5 33. Rae1 f4 34.
R3e2 e3 35. Nc4 Bf3 36. Ne5 Bxe2+ 37. Rxe2 Rxe5 38. dxe5 Rxe5 39. gxf4 gxf4 40.
fxe3 fxe3 41. Kg2 Kf7 42. Kf3 Kf6 43. Rxe3 Rxe3+ 44. Kxe3 Ke5 45. b4 Kd5 46.
Kd3 b6 47. h4 c5 48. b5 Ke5 49. Ke3 Kf5 50. Kf3 h5 51. c4 Ke5 52. Ke3 Kf5 0-1

[Event "RA March op"]
[Site "Ottawa CAN"]
[Date "2023.03.03"]
[Round "1.10"]
[White "Saha, Ananda"]
[Black "Knechtel, Thomas"]
[Result "1-0"]
[WhiteElo "2216"]
[BlackElo "1978"]
[PlyCount "53"]
[EventDate "2023.03.03"]
[EventType "swiss"]
[EventRounds "5"]
[EventCountry "CAN"]

1. d4 Nf6 2. Bg5 d5 3. Bxf6 gxf6 4. c4 dxc4 5. e3 Bg7 6. Bxc4 O-O 7. Nc3 c6 8.
Qh5 Na6 9. Nge2 h6 10. O-O Nc7 11. f4 f5 12. Rad1 e6 13. Ng3 b5 14. Be2 Qe7 15.
Bf3 Bb7 16. Qh3 Nd5 17. Nxd5 cxd5 18. Nh5 Rfc8 19. Kh1 Rc2 20. Rg1 Bh8 21. g4
Kf8 22. gxf5 exf5 23. Ng3 Qxe3 24. Qxh6+ Bg7 25. Qxg7+ Kxg7 26. Nxf5+ Kf6 27.
Nxe3 1-0

[Event "RA March op"]
[Site "Ottawa CAN"]
[Date "2023.03.04"]
[Round "2.3"]
[White "Plotkin, Victor"]
[Black "Adam, Rafael"]
[Result "1/2-1/2"]
[WhiteElo "2267"]
[BlackElo "2214"]
[PlyCount "218"]
[EventDate "2023.03.03"]
[EventType "swiss"]
[EventRounds "5"]
[EventCountry "CAN"]

1. e4 e5 2. Nf3 Nc6 3. Bc4 Bc5 4. O-O Nf6 5. d3 d6 6. c3 O-O 7. Nbd2 a6 8. Bb3
h6 9. Re1 Re8 10. Nf1 Ba7 11. Ng3 Be6 12. h3 d5 13. Qe2 Qd7 14. Be3 Bxe3 15.
Qxe3 Rad8 16. Bc2 d4 17. Qe2 Qd6 18. Red1 b5 19. Bb3 a5 20. Bxe6 Qxe6 21. Rac1
Qxa2 22. cxd4 Nxd4 23. Nxd4 Rxd4 24. Rxc7 Red8 25. Nf5 R4d7 26. Rxd7 Rxd7 27.
Rc1 Qe6 28. Rc5 g6 29. Nxh6+ Kg7 30. Ng4 Nxg4 31. Qxg4 Qxg4 32. hxg4 Rxd3 33.
Rxb5 Rd1+ 34. Kh2 Rd2 35. Kg3 Kf6 36. g5+ Kxg5 37. Rxe5+ Kf6 38. Rb5 a4 39. f3
Rd3 40. Rb6+ Kg7 41. Kf4 a3 42. bxa3 Rxa3 43. g3 Ra4 44. g4 Ra3 45. g5 Ra5 46.
Rb4 Ra1 47. e5 Rg1 48. Rb7 Re1 49. Rb4 Ra1 50. Ke4 Ra5 51. f4 Ra1 52. Kd5 Ra5+
53. Ke4 Ra1 54. Rc4 Ra2 55. Kd5 Ra5+ 56. Kd6 Ra6+ 57. Rc6 Ra4 58. Ke7 Ra7+ 59.
Ke8 Ra8+ 60. Kd7 Ra4 61. Rf6 Ra7+ 62. Kc6 Ra5 63. Kb6 Ra4 64. Kb5 Re4 65. Kc5
Ra4 66. e6 fxe6 67. Kd6 Ra6+ 68. Ke7 Ra7+ 69. Kxe6 Ra6+ 70. Ke7 Ra7+ 71. Kd8
Ra8+ 72. Kc7 Ra7+ 73. Kb6 Ra4 74. Kb5 Re4 75. Kc5 Ra4 76. Kd5 Ra5+ 77. Ke4 Ra4+
78. Kf3 Ra7 79. Rd6 Kf7 80. Ke4 Re7+ 81. Kd5 Ra7 82. Rf6+ Kg7 83. Rc6 Rf7 84.
Rc4 Rf5+ 85. Ke4 Rf7 86. Rc5 Re7+ 87. Re5 Ra7 88. Kf3 Kf7 89. Rc5 Kg7 90. Kg4
Rf7 91. Re5 Ra7 92. Kf3 Kf7 93. Rd5 Ke6 94. Rd8 Kf7 95. Ke4 Re7+ 96. Kd5 Ra7
97. Ke5 Re7+ 98. Kd5 Ra7 99. Rc8 Rd7+ 100. Kc5 Kg7 101. Kb5 Rf7 102. Rc4 Rf5+
103. Kc6 Kf7 104. Kd6 Kg7 105. Ke7 Rf7+ 106. Kd6 Rf5 107. Rc7+ Kg8 108. Rc4 Kg7
109. Rd4 Kg8 1/2-1/2

[Event "RA March op"]
[Site "Ottawa CAN"]
[Date "2023.03.04"]
[Round "2.4"]
[White "Latorre, Vincent"]
[Black "Xu, Daniel"]
[Result "0-1"]
[WhiteElo "2214"]
[BlackElo "2339"]
[PlyCount "72"]
[EventDate "2023.03.03"]
[EventType "swiss"]
[EventRounds "5"]
[EventCountry "CAN"]

1. e4 c5 2. Nf3 d6 3. Nc3 a6 4. g3 Bg4 5. Bg2 Nc6 6. h3 Bxf3 7. Bxf3 g6 8. O-O
Bg7 9. Bg2 Nf6 10. d3 O-O 11. Kh2 Qc7 12. f4 Rab8 13. g4 b5 14. Be3 Nd7 15. Nd5
Qd8 16. Rb1 b4 17. f5 Qa5 18. Bf4 Qxa2 19. Ra1 Qxb2 20. Rxa6 Nde5 21. g5 Ra8
22. Bc1 Qb1 23. Rxa8 Rxa8 24. f6 exf6 25. gxf6 Bf8 26. Be3 Qxd1 27. Rxd1 Ra2
28. Rc1 h5 29. Kg3 Kh7 30. Bf1 Bh6 31. Bxh6 Kxh6 32. c3 g5 33. h4 gxh4+ 34.
Kxh4 bxc3 35. Nxc3 Rf2 36. Nd5 Rf3 0-1

[Event "RA March op"]
[Site "Ottawa CAN"]
[Date "2023.03.04"]
[Round "2.5"]
[White "Tanaka, Tyler"]
[Black "Wiebe, Isaac"]
[Result "1-0"]
[WhiteElo "2357"]
[BlackElo "2171"]
[PlyCount "34"]
[EventDate "2023.03.03"]
[EventType "swiss"]
[EventRounds "5"]
[EventCountry "CAN"]

1. d4 d5 2. c4 dxc4 3. e4 b5 4. a4 c6 5. Nf3 Nf6 6. axb5 Nxe4 7. bxc6 e6 8. Qa4
Qc7 9. Bxc4 Bd6 10. b4 O-O 11. b5 a6 12. Bd3 Nf6 13. Bd2 Nd5 14. Nc3 Nb6 15.
Qc2 h6 16. O-O axb5 17. Nxb5 Rxa1 1-0